Strzelcy Premier League w klubach 2018/19 - Statystyki

Ogólne statystyki
  • Ten quiz został rozwiązany 37 razy
  • Średni wynik to 12 z 20
Statystyki odpowiedzi
Klub Narodowość # Nazwisko % Poprawnych
Tottenham Hotspur Anglia 17 Harry Kane
100%
Liverpool Senegal/Egipt 22 Sadio Mané/Mohamed Salah
100%
Manchester City Argentyna 21 Sergio Agüero
100%
Chelsea Belgia 16 Eden Hazard
97%
Leicester City Anglia 18 Jamie Vardy
91%
Arsenal Gabon 22 Pierre-Emerick Aubameyang
88%
West Ham United Austria 10 Marko Arnautović
82%
Everton Brazylia/Islandia 13 Richarlison/Gylfi Sigurðsson
82%
Fulham Serbia 11 Aleksandar Mitrović
79%
Manchester United Francja 13 Paul Pogba
79%
Wolverhampton Wanderers Meksyk 13 Raúl Jiménez
73%
Southampton Anglia 7 Danny Ings/James Ward-Prowse
39%
Newcastle United Hiszpania 12 Ayoze Pérez
36%
Bournemouth Anglia 14 Callum Wilson
36%
Crystal Palace Serbia 12 Luka Milivojević
36%
Watford Hiszpania 10 Gerard Deulofeu
15%
Burnley Anglia 12 Ashley Barnes
9%
Brighton Anglia 13 Glenn Murray
9%
Cardiff City Hiszpania/Jamajka 5 Víctor Camarasa/Bobby De Cordova-Reid
9%
Huddersfield Anglia 4 Karlan Grant
3%
Nie znaleziono quizów pasujących do podanych kryteriów
Rozkład punktacji
Procent ludzi z każdym wynikiem
Percentyl według liczby udzielonych odpowiedzi
Twoja historia wyników
Nie rozwiązałeś tego quizu